| 000 | 004450000a22001690004500 | ||
|---|---|---|---|
| 003 | LK-CoMWRAF | ||
| 008 | 230817t ||||| |||| 00| 0 eng d | ||
| 020 | _a955910232X | ||
| 040 |
_aLK-CoMWRAF _dLK-CoMWRAF _eLK-CoMWRAF |
||
| 041 | _aeng | ||
| 082 |
_a301 _bDEA |
||
| 245 |
_aCAT'S EYE _bA Feminist gaze on current issues |
||
| 260 |
_aColombo _bCat's Eye Publication _c2000 |
||
| 300 | _ap.359 | ||
| 700 |
_aDe Alwis,, Malathi _eed. |
||
| 942 | _cBK | ||
| 999 |
_c177 _d177 |
||